[Event "Skakligaen 2023-24"]
[Site "Denmark"]
[Date "2023.10.28"]
[Round "1.7"]
[Board "7"]
[White "Wiecker, Stefan"]
[Black "Rewitz, Poul"]
[Result "0-1"]
[WhiteElo "2120"]
[BlackElo "2199"]
[PlyCount "76"]
[WhiteTeam "Frem"]
[BlackTeam "SK1968"]
[EventDate "2023.10.28"]
[EventType "team-tourn"]
[EventRounds "9"]
[EventCountry "DEN"]
[SourceTitle "Live v. Kasper Jerwiarz"]
[Table "7"]

1. e4 c6 2. d4 d5 3. Nc3 dxe4 4. Nxe4 Nf6 5. Nxf6+ exf6 
6. Be3 Bd6 7. Bd3 O-O 8. Qh5 g6 9. Qh6 Re8 10. Ne2 Na6 
11. c3 Nc7 12. Nf4 f5 13. O-O-O Bf8 14. Qh3 Nd5 15. Bd2 Nxf4 
16. Bxf4 Be6 17. Bb1 b5 18. Qd3 Bc4 19. Qg3 Qd5 20. Rhe1 Bxa2 
21. Re5 Rxe5 22. dxe5 Qe6 23. Rd6 Bxd6 24. Bxa2 Qxa2 25. exd6 Qe6 
26. Qf3 Qe1+ 27. Kc2 Qe4+ 28. Qxe4 fxe4 29. Bg5 f6 30. Bxf6 Kf7 
31. Bd4 Ke6 32. Bc5 a5 33. b3 Kd5 34. b4 a4 35. Kb2 Rd8 
36. Ka3 Rxd6 37. c4+ Ke5 38. Bxd6+ Kxd6 0-1

[Event "Skakligaen 2023-24"]
[Site "Denmark"]
[Date "2023.10.28"]
[Round "1.8"]
[Board "8"]
[White "Moller, Morten Kock"]
[Black "Ostergreen Johansen, Benjamin"]
[Result "1-0"]
[WhiteElo "2227"]
[BlackElo "1972"]
[PlyCount "117"]
[WhiteTeam "SK1968"]
[BlackTeam "Frem"]
[EventDate "2023.10.28"]
[EventType "team-tourn"]
[EventRounds "9"]
[EventCountry "DEN"]
[SourceTitle "Live v. Kasper Jerwiarz"]
[Table "8"]

1. e4 e5 2. Nf3 Nc6 3. Bc4 Bc5 4. O-O Nf6 5. d4 Bxd4 
6. Nxd4 Nxd4 7. Bg5 d6 8. f4 Be6 9. fxe5 dxe5 10. Bxf6 gxf6 
11. Na3 Qe7 12. c3 Bxc4 13. Nxc4 Ne6 14. b4 h5 15. Ne3 c6 
16. Nf5 Qd7 17. Qf3 O-O-O 18. a4 Kb8 19. Rad1 Ng5 20. Qe2 Qe6 
21. b5 cxb5 22. axb5 Rxd1 23. Rxd1 Qb6+ 24. Kh1 Ne6 25. g3 Qc5 
26. Rd3 Rd8 27. Rxd8+ Nxd8 28. Qd3 Qc7 29. Kg2 Ne6 30. Ne3 h4 
31. Nd5 Qd8 32. Qc4 hxg3 33. hxg3 Qc8 34. Qd3 Qd7 35. Qe2 f5 
36. c4 f4 37. Qh5 Qd6 38. Qxf7 fxg3 39. Qe8+ Nd8 40. c5 Qxc5 
41. Qxd8+ Qc8 42. Qd6+ Ka8 43. Qxe5 Qc2+ 44. Kxg3 Qd3+ 45. Kf4 Qf1+ 
46. Kg5 Qg2+ 47. Kf6 Qf2+ 48. Ke6 Qf8 49. Kd7 Qf7+ 50. Qe7 Qxe7+ 
51. Kxe7 a5 52. b6 a4 53. Kd7 a3 54. Nb4 Kb8 55. e5 a2 
56. Nxa2 Ka8 57. e6 Kb8 58. e7 Ka8 59. e8=Q# 1-0

[Event "Skakligaen 2023-24"]
[Site "Denmark"]
[Date "2023.10.28"]
[Round "1.1"]
[Board "1"]
[White "Rozentalis, Eduardas"]
[Black "Thybo, Jesper Sondergaard"]
[Result "0-1"]
[WhiteElo "2473"]
[BlackElo "2539"]
[PlyCount "86"]
[WhiteTeam "Koge"]
[BlackTeam "Hillerod"]
[EventDate "2023.10.28"]
[EventType "team-tourn"]
[EventRounds "9"]
[EventCountry "DEN"]
[SourceTitle "Live v. Kasper Jerwiarz"]
[Table "1"]

1. e4 c5 2. Nf3 Nc6 3. Bb5 g6 4. O-O Bg7 5. Re1 e5 
6. Bxc6 dxc6 7. d3 Qc7 8. a3 Nf6 9. b4 cxb4 10. axb4 O-O 
11. Bb2 Nh5 12. Nbd2 Nf4 13. Nc4 b5 14. Ne3 a6 15. Qd2 Rd8 
16. Ra3 Ne6 17. Rc1 Nd4 18. Ne1 Be6 19. Qd1 c5 20. c3 Nc6 
21. bxc5 Bf8 22. d4 Bxc5 23. Raa1 Qa7 24. Nd5 Bxd5 25. exd5 exd4 
26. c4 Nb4 27. cxb5 a5 28. Ba3 Rxd5 29. Qb3 Qb7 30. b6 Rad8 
31. Bxb4 Bxb4 32. Nd3 Qxb6 33. Rc4 Rb5 34. Qa2 Bc3 35. Rf1 Qe6 
36. g3 Rc8 37. Rxc8+ Qxc8 38. h4 Qe6 39. Qc2 Qe4 40. Rd1 g5 
41. Qa4 Rf5 42. h5 Kg7 43. Qa3 h6 0-1

[Event "Skakligaen 2023-24"]
[Site "Denmark"]
[Date "2023.10.28"]
[Round "1.2"]
[Board "2"]
[White "Hansen, Sune Berg"]
[Black "Smith, Axel"]
[Result "1/2-1/2"]
[WhiteElo "2513"]
[BlackElo "2412"]
[PlyCount "51"]
[WhiteTeam "Hillerod"]
[BlackTeam "Koge"]
[EventDate "2023.10.28"]
[EventType "team-tourn"]
[EventRounds "9"]
[EventCountry "DEN"]
[SourceTitle "Live v. Kasper Jerwiarz"]
[Table "2"]

1. c4 e5 2. Nc3 Bb4 3. Nd5 Bc5 4. e3 Nf6 5. b4 Nxd5 
6. bxc5 Nf6 7. d4 exd4 8. exd4 O-O 9. Bd3 b6 10. cxb6 axb6 
11. Ne2 d5 12. O-O dxc4 13. Bxc4 Ba6 14. Bxa6 Nxa6 15. Bg5 Nb4 
16. Nc3 h6 17. Bh4 Ra5 18. Qb3 Nbd5 19. Nxd5 Qxd5 20. Bxf6 Qxb3 
21. axb3 Rxa1 22. Rxa1 gxf6 23. Rc1 Rd8 24. Rxc7 Rxd4 25. g3 Rd3 
26. Rc6 1/2-1/2

[Event "Skakligaen 2023-24"]
[Site "Denmark"]
[Date "2023.10.28"]
[Round "1.3"]
[Board "3"]
[White "Ahlander, Bjorn"]
[Black "Schandorff, Lars"]
[Result "1/2-1/2"]
[WhiteElo "2400"]
[BlackElo "2471"]
[PlyCount "40"]
[WhiteTeam "Koge"]
[BlackTeam "Hillerod"]
[EventDate "2023.10.28"]
[EventType "team-tourn"]
[EventRounds "9"]
[EventCountry "DEN"]
[SourceTitle "Live v. Kasper Jerwiarz"]
[Table "3"]

1. d4 Nf6 2. c4 e6 3. Nf3 d5 4. Nc3 Be7 5. Bg5 h6 
6. Bh4 O-O 7. e3 b6 8. Bd3 dxc4 9. Bxc4 Bb7 10. O-O Nbd7 
11. Qe2 a6 12. a4 c5 13. Rad1 Qe8 14. Rfe1 Ra7 15. Bg3 cxd4 
16. exd4 Qa8 17. Ba2 Nd5 18. Ne4 N7f6 19. Bb1 Bb4 20. Rf1 Nxe4 
1/2-1/2

[Event "Skakligaen 2023-24"]
[Site "Denmark"]
[Date "2023.10.28"]
[Round "1.4"]
[Board "4"]
[White "Percivaldi, Martin"]
[Black "Meskenas, Paulius"]
[Result "1-0"]
[WhiteElo "2388"]
[BlackElo "2261"]
[PlyCount "53"]
[WhiteTeam "Hillerod"]
[BlackTeam "Koge"]
[EventDate "2023.10.28"]
[EventType "team-tourn"]
[EventRounds "9"]
[EventCountry "DEN"]
[SourceTitle "Live v. Kasper Jerwiarz"]
[Table "4"]

1. Nf3 Nf6 2. c4 c5 3. Nc3 Nc6 4. d4 cxd4 5. Nxd4 e5 
6. Ndb5 d6 7. Bg5 a6 8. Na3 h6 9. Bxf6 Qxf6 10. g3 Be6 
11. Bg2 Rc8 12. O-O Qd8 13. Rc1 Qa5 14. Bd5 Bh3 15. Re1 Be7 
16. e3 Bd7 17. c5 Qxc5 18. Ne4 Qa7 19. Nc4 Qb8 20. Nb6 Rd8 
21. Nxd7 Rxd7 22. Rxc6 bxc6 23. Bxc6 Qb4 24. a3 Qa5 25. Nxd6+ Bxd6 
26. Qxd6 Qxe1+ 27. Kg2 1-0

[Event "Skakligaen 2023-24"]
[Site "Denmark"]
[Date "2023.10.28"]
[Round "1.5"]
[Board "5"]
[White "Jorgensen, Brian"]
[Black "Borge, Nikolaj"]
[Result "1-0"]
[WhiteElo "2267"]
[BlackElo "2392"]
[PlyCount "93"]
[WhiteTeam "Koge"]
[BlackTeam "Hillerod"]
[EventDate "2023.10.28"]
[EventType "team-tourn"]
[EventRounds "9"]
[EventCountry "DEN"]
[SourceTitle "Live v. Kasper Jerwiarz"]
[Table "5"]

1. d4 Nf6 2. c4 e6 3. Nc3 d5 4. Nf3 c6 5. e3 Nbd7 
6. Bd3 Bd6 7. e4 dxc4 8. Bxc4 b5 9. e5 bxc4 10. exd6 Nb6 
11. Bf4 O-O 12. h3 Ne8 13. Ne4 Nd5 14. Bh2 f5 15. Nc5 Nxd6 
16. Bxd6 Qxd6 17. O-O Nf4 18. Re1 Rb8 19. b3 c3 20. Rc1 e5 
21. Nxe5 Rb4 22. Nc4 Qd5 23. Ne3 Qxd4 24. Qxd4 Rxd4 25. Rxc3 Re8 
26. Rc4 Rxc4 27. bxc4 Ng6 28. Rd1 f4 29. Nc2 f3 30. Ne3 fxg2 
31. Kxg2 Rf8 32. Kg3 Ne5 33. f4 Ng6 34. Rd4 Re8 35. Re4 Rd8 
36. f5 Nf8 37. Re7 a6 38. Rc7 Re8 39. Kf4 g5+ 40. Kf3 Re5 
41. Nd3 Rxf5+ 42. Ke4 Rf6 43. Rxc8 Kg7 44. Nf5+ Kg6 45. Ne5+ Kh5 
46. Rxc6 Ne6 47. Rxe6 1-0

[Event "Skakligaen 2023-24"]
[Site "Denmark"]
[Date "2023.10.28"]
[Round "1.6"]
[Board "6"]
[White "Ostergaard, Jens"]
[Black "Nord, Alexander"]
[Result "0-1"]
[WhiteElo "2278"]
[BlackElo "2201"]
[PlyCount "96"]
[WhiteTeam "Hillerod"]
[BlackTeam "Koge"]
[EventDate "2023.10.28"]
[EventType "team-tourn"]
[EventRounds "9"]
[EventCountry "DEN"]
[SourceTitle "Live v. Kasper Jerwiarz"]
[Table "6"]

1. d4 d5 2. Nf3 Nf6 3. c4 c6 4. Nc3 e6 5. e3 Nbd7 
6. Qc2 Bd6 7. b3 O-O 8. Be2 b6 9. O-O Bb7 10. Bb2 Qe7 
11. Rad1 Rad8 12. Rfe1 Rfe8 13. Bf1 Bb4 14. a3 Bd6 15. cxd5 exd5 
16. g3 a5 17. Qc1 Ne4 18. Nxe4 Qxe4 19. Bg2 Qe7 20. Nh4 Qe6 
21. Qc2 Nf6 22. Nf5 Bf8 23. f3 c5 24. dxc5 bxc5 25. g4 Qb6 
26. Kh1 d4 27. exd4 Rxe1+ 28. Rxe1 cxd4 29. Qc4 Bd5 30. Bxd4 Qxb3 
31. Qc7 Ra8 32. Qf4 Qxa3 33. g5 Qb4 34. Rg1 Nh5 35. Qe5 Be6 
36. f4 Rd8 37. Bc3 Qc5 38. Bxa5 Rc8 39. Ng3 Nxf4 40. Qxf4 Qxa5 
41. Be4 Bc5 42. Rf1 Qc3 43. Bf5 Bd5+ 44. Be4 Qd4 45. Qf5 Bxe4+ 
46. Nxe4 Rc7 47. Rc1 Bb6 48. Rxc7 Qg1# 0-1

[Event "Skakligaen 2023-24"]
[Site "Denmark"]
[Date "2023.10.28"]
[Round "1.7"]
[Board "7"]
[White "Larsen, Ulrik"]
[Black "Jaksland, Tim"]
[Result "0-1"]
[WhiteElo "2002"]
[BlackElo "2070"]
[PlyCount "100"]
[WhiteTeam "Koge"]
[BlackTeam "Hillerod"]
[EventDate "2023.10.28"]
[EventType "team-tourn"]
[EventRounds "9"]
[EventCountry "DEN"]
[SourceTitle "Live v. Kasper Jerwiarz"]
[Table "7"]

1. e4 e5 2. Nf3 Nc6 3. Bb5 a6 4. Ba4 d6 5. c3 f5 
6. d3 Nf6 7. Nbd2 Be7 8. O-O O-O 9. Re1 Kh8 10. Bb3 Qe8 
11. Nc4 f4 12. d4 Bg4 13. Qd3 Nd7 14. Bd1 Bh5 15. d5 Nd8 
16. b4 g5 17. Na5 Rg8 18. c4 Qg6 19. Bb2 Bf6 20. Rc1 b6 
21. Nb3 Nf7 22. c5 g4 23. Nfd2 Ng5 24. Kh1 Qh6 25. cxd6 cxd6 
26. Rc6 Nf7 27. Nc4 g3 28. fxg3 Bxd1 29. Rxd1 Rxg3 30. Qe2 Be7 
31. Nxb6 Nxb6 32. Rxb6 Rag8 33. Rxa6 Qh4 34. Rc1 Ng5 35. Nd2 Re3 
36. Qf1 Nxe4 37. Nxe4 Rxe4 38. Ra3 Rxb4 39. Rh3 Qg5 40. Ba1 Ra4 
41. Rc2 Ra7 42. Qd3 Qg6 43. Qxg6 Rxg6 44. Rhc3 Rg8 45. Kg1 Rb8 
46. Rc8+ Rxc8 47. Rxc8+ Kg7 48. Rc2 Kf6 49. Kf2 Kf5 50. h3 Ke4 
0-1

[Event "Skakligaen 2023-24"]
[Site "Denmark"]
[Date "2023.10.28"]
[Round "1.8"]
[Board "8"]
[White "Nordenbaek, Jan"]
[Black "Larsen, Niels Georg"]
[Result "1-0"]
[WhiteElo "2156"]
[BlackElo "2003"]
[PlyCount "107"]
[WhiteTeam "Hillerod"]
[BlackTeam "Koge"]
[EventDate "2023.10.28"]
[EventType "team-tourn"]
[EventRounds "9"]
[EventCountry "DEN"]
[SourceTitle "Live v. Kasper Jerwiarz"]
[Table "8"]

1. e4 g6 2. d4 Bg7 3. Nc3 d6 4. f4 Nf6 5. Nf3 O-O 
6. Bd3 c5 7. dxc5 dxc5 8. O-O Nc6 9. a3 e5 10. fxe5 Ng4 
11. Bg5 Qa5 12. Kh1 Ngxe5 13. Nxe5 Nxe5 14. b4 cxb4 15. axb4 Qxb4 
16. Nd5 Qb2 17. Rb1 Qa2 18. Qe1 f5 19. Qh4 Rf7 20. Ra1 Qb2 
21. Rfb1 Qxa1 22. Rxa1 Nxd3 23. Nf6+ Bxf6 24. Bxf6 Nf2+ 25. Qxf2 Rxf6 
26. Qd4 Rf7 27. Rxa7 Rxa7 28. Qxa7 fxe4 29. h3 Re7 30. Qc5 Re8 
31. Qe3 Kg7 32. Kg1 Kf7 33. Kf2 Kf8 34. Qc5+ Kg8 35. Ke3 Bd7 
36. Qd5+ Be6 37. Qxb7 Bf7 38. Qd7 Kg7 39. c4 Kg8 40. c5 Kf8 
41. c6 h5 42. c7 Be6 43. Qd8 Bf5 44. Qf6+ Kg8 45. g4 hxg4 
46. hxg4 Bc8 47. Qxg6+ Kf8 48. Qf6+ Kg8 49. g5 Rf8 50. Qg6+ Kh8 
51. Qh6+ Kg8 52. g6 Rf3+ 53. Kxe4 Rh3 54. Qf4 1-0

[Event "Skakligaen 2023-24"]
[Site "Denmark"]
[Date "2023.10.28"]
[Round "1.1"]
[Board "1"]
[White "Hector, Jonny"]
[Black "Ochsner, Bjorn Moller"]
[Result "1/2-1/2"]
[WhiteElo "2436"]
[BlackElo "2537"]
[PlyCount "174"]
[WhiteTeam "Nordkalotten"]
[BlackTeam "AarhusSkolerne"]
[EventDate "2023.10.28"]
[EventType "team-tourn"]
[EventRounds "9"]
[EventCountry "DEN"]
[SourceTitle "Live v. Kasper Jerwiarz"]
[Table "1"]

1. e4 c5 2. Nf3 d6 3. d4 cxd4 4. Nxd4 Nf6 5. Nc3 a6 
6. Bg5 Nbd7 7. f4 Qc7 8. Qf3 b5 9. Bd3 Bb7 10. a3 g6 
11. O-O-O Bg7 12. g4 h5 13. gxh5 Rxh5 14. h4 Nh7 15. Be2 Nxg5 
16. hxg5 Rxh1 17. Qxh1 Qc5 18. Qg1 e5 19. fxe5 Nxe5 20. Nd5 Bxd5 
21. exd5 Rc8 22. c3 Kf8 23. Qg3 Kg8 24. Bf1 Re8 25. Nb3 Qb6 
26. Nd2 a5 27. Qf4 Nd7 28. Ne4 Be5 29. Qg4 Rd8 30. Kb1 b4 
31. axb4 axb4 32. cxb4 Kg7 33. Nd2 Qa7 34. Nc4 Ra8 35. Na5 Qf2 
36. Be2 Nb6 37. Rf1 Qe3 38. Qf3 Qxf3 39. Bxf3 Bf4 40. Rg1 Re8 
41. Rg4 Be3 42. Nc6 Rh8 43. Rg3 Bf4 44. Rg4 Be3 45. Rg3 Rh4 
46. Kc2 Bf4 47. Rg2 Rh3 48. Nd4 Be5 49. Bg4 Rh1 50. Nf3 Nxd5 
51. Re2 Nxb4+ 52. Kb3 Nd3 53. Rd2 Nc5+ 54. Kb4 Ne4 55. Re2 Ng3 
56. Rc2 Rf1 57. Ka5 Bf4 58. b4 Ne4 59. b5 Be3 60. Kb4 Rb1+ 
61. Kc4 Bc5 62. Bd7 Nf2 63. Kd5 Nd3 64. Rc3 Nb4+ 65. Kc4 Rb2 
66. Nd4 Na2 67. Rb3 Rd2 68. Nf3 Rc2+ 69. Kd3 Rf2 70. Ke4 Re2+ 
71. Kf4 Nb4 72. Kg3 Nd5 73. Bc6 Nb6 74. Rd3 Rb2 75. Nd2 Ra2 
76. Ne4 Nc4 77. Nxc5 dxc5 78. Rd5 Rb2 79. Rxc5 Nd6 80. Rd5 Nf5+ 
81. Kf3 Rb4 82. Ke2 Kf8 83. Kd3 Ke7 84. Kc3 Rb1 85. Kc2 Rb4 
86. Kc3 Rb1 87. Kc2 Rb4 1/2-1/2

[Event "Skakligaen 2023-24"]
[Site "Denmark"]
[Date "2023.10.28"]
[Round "1.2"]
[Board "2"]
[White "Sorensen, Jan"]
[Black "Brynell, Stellan"]
[Result "1/2-1/2"]
[WhiteElo "2377"]
[BlackElo "2401"]
[PlyCount "54"]
[WhiteTeam "AarhusSkolerne"]
[BlackTeam "Nordkalotten"]
[EventDate "2023.10.28"]
[EventType "team-tourn"]
[EventRounds "9"]
[EventCountry "DEN"]
[SourceTitle "Live v. Kasper Jerwiarz"]
[Table "2"]

1. e4 e5 2. Bc4 Nf6 3. d3 c6 4. Nf3 d5 5. Bb3 Bd6 
6. Nc3 O-O 7. O-O dxe4 8. Nxe4 Nxe4 9. dxe4 Na6 10. Be3 Qe7 
11. c3 Nc5 12. Bc2 Bg4 13. h3 Bh5 14. b4 Ne6 15. Qe2 Bc7 
16. Rfd1 Rfd8 17. Rxd8+ Rxd8 18. Rd1 Nf4 19. Rxd8+ Bxd8 20. Bxf4 exf4 
21. Qd3 Bxf3 22. Qxf3 Bc7 23. Qd3 g6 24. Bb3 Be5 25. Kf1 Kg7 
26. Ke2 h5 27. Kd1 Qd6 1/2-1/2

[Event "Skakligaen 2023-24"]
[Site "Denmark"]
[Date "2023.10.28"]
[Round "1.3"]
[Board "3"]
[White "Jepson, Christian"]
[Black "Skytte, Rasmus"]
[Result "1-0"]
[WhiteElo "2390"]
[BlackElo "2334"]
[PlyCount "89"]
[WhiteTeam "Nordkalotten"]
[BlackTeam "AarhusSkolerne"]
[EventDate "2023.10.28"]
[EventType "team-tourn"]
[EventRounds "9"]
[EventCountry "DEN"]
[SourceTitle "Live v. Kasper Jerwiarz"]
[Table "3"]

1. c4 e6 2. Nf3 d5 3. g3 Nf6 4. Bg2 c5 5. O-O Nc6 
6. cxd5 exd5 7. d4 Be7 8. dxc5 Bxc5 9. Qc2 Be7 10. Rd1 O-O 
11. Nc3 h6 12. Be3 Re8 13. Nd4 Ng4 14. Nxc6 bxc6 15. Bd4 Bf6 
16. h3 Bxd4 17. Rxd4 Ne5 18. Rad1 Qf6 19. Rf4 Qe7 20. b3 a5 
21. Rd2 Ba6 22. Rfd4 Qf6 23. Rf4 Qe7 24. Rfd4 Qf6 25. Qd1 Bc8 
26. f4 Nd7 27. e4 Nb6 28. exd5 cxd5 29. Nxd5 Nxd5 30. Rxd5 Qb6+ 
31. Kh2 Rb8 32. Rd6 Qb4 33. R2d4 Qa3 34. Rd8 Bf5 35. Rxb8 Rxb8 
36. g4 Be6 37. Rd8+ Rxd8 38. Qxd8+ Qf8 39. Qxa5 g6 40. Qe5 Qc8 
41. b4 Qc2 42. b5 Bc4 43. b6 Bf1 44. Qe4 Qxa2 45. Qa8+ 1-0

[Event "Skakligaen 2023-24"]
[Site "Denmark"]
[Date "2023.10.28"]
[Round "1.4"]
[Board "4"]
[White "Sobjerg, Erik"]
[Black "Sylvan, Jacob"]
[Result "0-1"]
[WhiteElo "2299"]
[BlackElo "2296"]
[PlyCount "36"]
[WhiteTeam "AarhusSkolerne"]
[BlackTeam "Nordkalotten"]
[EventDate "2023.10.28"]
[EventType "team-tourn"]
[EventRounds "9"]
[EventCountry "DEN"]
[SourceTitle "Live v. Kasper Jerwiarz"]
[Table "4"]

1. e4 c5 2. Nf3 e6 3. Nc3 Nc6 4. d4 cxd4 5. Nxd4 Qc7 
6. f4 a6 7. Nxc6 bxc6 8. Bd3 d5 9. O-O Nf6 10. Qe2 Be7 
11. b3 c5 12. f5 d4 13. Na4 Bd6 14. g3 O-O 15. g4 exf5 
16. gxf5 Bb7 17. Qg2 Rfe8 18. Re1 Qc6 0-1

[Event "Skakligaen 2023-24"]
[Site "Denmark"]
[Date "2023.10.28"]
[Round "1.5"]
[Board "5"]
[White "Hove, Esben Kjems"]
[Black "Pedersen, Finn"]
[Result "0-1"]
[WhiteElo "2312"]
[BlackElo "2246"]
[PlyCount "96"]
[WhiteTeam "Nordkalotten"]
[BlackTeam "AarhusSkolerne"]
[EventDate "2023.10.28"]
[EventType "team-tourn"]
[EventRounds "9"]
[EventCountry "DEN"]
[SourceTitle "Live v. Kasper Jerwiarz"]
[Table "5"]

1. d4 d5 2. Bf4 Nf6 3. e3 Bg4 4. Be2 Bxe2 5. Nxe2 e6 
6. O-O c6 7. Nd2 Nbd7 8. c4 Nh5 9. Be5 Be7 10. Nc3 Nxe5 
11. cxd5 Nf6 12. dxe5 Nxd5 13. Nce4 O-O 14. a3 Qc7 15. Nf3 Rfd8 
16. Qc2 h6 17. g4 Bf8 18. h4 Qe7 19. g5 f5 20. gxf6 gxf6 
21. exf6 Nxf6 22. Kh1 Rd5 23. Rg1+ Bg7 24. Rg6 Rf8 25. Rag1 Ne8 
26. R1g3 Rdf5 27. Kg2 Rxf3 28. Rxf3 Rxf3 29. Rxg7+ Nxg7 30. Kxf3 Qxh4 
31. Ng3 Qf6+ 32. Kg4 Qg5+ 33. Kh3 Nf5 34. Qb3 Nxg3 35. Qxe6+ Kg7 
36. Qd7+ Kg6 37. Qe8+ Kf5 38. fxg3 Qg4+ 39. Kg2 Qe4+ 40. Qxe4+ Kxe4 
41. Kf2 h5 42. Ke2 c5 43. Kf2 b5 44. Ke2 c4 45. Kf2 a5 
46. Ke2 b4 47. axb4 axb4 48. Kf2 Kd3 0-1

[Event "Skakligaen 2023-24"]
[Site "Denmark"]
[Date "2023.10.28"]
[Round "1.6"]
[Board "6"]
[White "Rendboe, John Filip"]
[Black "Schmidt, Kristen"]
[Result "1-0"]
[WhiteElo "2153"]
[BlackElo "2282"]
[PlyCount "67"]
[WhiteTeam "AarhusSkolerne"]
[BlackTeam "Nordkalotten"]
[EventDate "2023.10.28"]
[EventType "team-tourn"]
[EventRounds "9"]
[EventCountry "DEN"]
[SourceTitle "Live v. Kasper Jerwiarz"]
[Table "6"]

1. d4 Nf6 2. Nf3 d6 3. g3 g6 4. Bg2 Bg7 5. O-O O-O 
6. c4 a6 7. Nc3 Nc6 8. b3 Rb8 9. Bb2 b5 10. d5 Na5 
11. cxb5 axb5 12. Nd4 b4 13. Na4 e5 14. Nc2 Bd7 15. Ne3 Ne8 
16. f4 Bh6 17. Bc1 exf4 18. gxf4 Bxa4 19. bxa4 Qh4 20. f5 b3 
21. Bd2 Qd4 22. Bxa5 Bxe3+ 23. Kh1 b2 24. Rb1 Ra8 25. Qe1 Qxa4 
26. Bc3 Qxa2 27. Rxb2 Qc4 28. Rb4 Qc5 29. Rh4 Bg5 30. fxg6 h6 
31. gxf7+ Rxf7 32. Rxf7 Bxh4 33. Qf1 Nf6 34. Bxf6 1-0

[Event "Skakligaen 2023-24"]
[Site "Denmark"]
[Date "2023.10.28"]
[Round "1.7"]
[Board "7"]
[White "Kristensen, Kaare Hove"]
[Black "Hagen, Kresten Skytte"]
[Result "1/2-1/2"]
[WhiteElo "2258"]
[BlackElo "2139"]
[PlyCount "132"]
[WhiteTeam "Nordkalotten"]
[BlackTeam "AarhusSkolerne"]
[EventDate "2023.10.28"]
[EventType "team-tourn"]
[EventRounds "9"]
[EventCountry "DEN"]
[SourceTitle "Live v. Kasper Jerwiarz"]
[Table "7"]

1. Nf3 e6 2. d4 Nf6 3. e3 d5 4. c4 Be7 5. Nc3 O-O 
6. Bd3 b6 7. O-O Bb7 8. Qe2 c5 9. Rd1 Nc6 10. cxd5 exd5 
11. dxc5 bxc5 12. Ba6 Rb8 13. Bxb7 Rxb7 14. b3 Rd7 15. Ba3 Qa5 
16. Na4 Rfd8 17. Qe1 Qb5 18. Rac1 Ne4 19. Bxc5 Nxc5 20. Nxc5 Bxc5 
21. Qc3 Bxe3 22. Qxc6 Qxc6 23. Rxc6 Bb6 24. Kf1 f6 25. Ne1 Kf7 
26. Nd3 g5 27. b4 Re7 28. a4 Re6 29. Rdc1 Rde8 30. a5 Bd4 
31. Rc7+ R6e7 32. R1c6 Rxc7 33. Rxc7+ Re7 34. Rc6 Rd7 35. Nc5 Re7 
36. Rd6 Bc3 37. Nd3 d4 38. a6 Re6 39. Rd7+ Re7 40. Rxe7+ Kxe7 
41. b5 Ba5 42. Nc5 Bc7 43. Ke2 Kd6 44. Na4 Kd5 45. Kd3 g4 
46. b6 Bb8 47. bxa7 Bxa7 48. Nb2 Kc5 49. Nc4 Kb5 50. Nd6+ Kxa6 
51. Nf5 Kb5 52. Nh6 Kc5 53. Nxg4 f5 54. Nf6 h6 55. Ng8 Kd5 
56. Nxh6 Ke6 57. h3 Bc5 58. g4 fxg4 59. hxg4 Ke5 60. Nf7+ Kf4 
61. g5 Kf5 62. Nd8 Be7 63. Nc6 Bxg5 64. Nxd4+ Kf4 65. Ne6+ Kf3 
66. Nxg5+ Kxf2 1/2-1/2

[Event "Skakligaen 2023-24"]
[Site "Denmark"]
[Date "2023.10.28"]
[Round "1.8"]
[Board "8"]
[White "Tettinek, Michael"]
[Black "Nielsen, Lars Aaes"]
[Result "0-1"]
[WhiteElo "2024"]
[BlackElo "2189"]
[PlyCount "100"]
[WhiteTeam "AarhusSkolerne"]
[BlackTeam "Nordkalotten"]
[EventDate "2023.10.28"]
[EventType "team-tourn"]
[EventRounds "9"]
[EventCountry "DEN"]
[SourceTitle "Live v. Kasper Jerwiarz"]
[Table "8"]

1. d4 e6 2. Nf3 b6 3. Bf4 Ba6 4. Nbd2 d5 5. c3 Nf6 
6. Ne5 Bd6 7. Qa4+ Kf8 8. h3 Qe8 9. Qxe8+ Nxe8 10. e3 Bxf1 
11. Rxf1 f6 12. Nd3 Nd7 13. e4 c6 14. e5 fxe5 15. Nxe5 Bxe5 
16. Bxe5 Nxe5 17. dxe5 Ke7 18. f4 Nc7 19. Ke2 Rhf8 20. Rf3 Rad8 
21. Rd1 c5 22. g4 g6 23. Rdf1 Rf7 24. c4 Rdf8 25. b3 b5 
26. Kd3 Rd8 27. Ke2 dxc4 28. bxc4 Rd4 29. f5 gxf5 30. gxf5 exf5 
31. Rxf5 Rxf5 32. Rxf5 bxc4 33. Rh5 c3 34. Rxh7+ Kd8 35. Nb3 c2 
36. Rh8+ Ne8 37. Nxc5 c1=Q 38. Ne6+ Kd7 39. Nxd4 Nc7 40. Rh7+ Kc8 
41. Rh8+ Kb7 42. Rd8 Qg5 43. Rd7 Qxe5+ 44. Kd3 Qg3+ 45. Kc4 Qxh3 
46. Re7 Kb6 47. a4 Qa3 48. Re2 Qxa4+ 49. Kc3 Nd5+ 50. Kd3 Nf4+ 
0-1

[Event "Skakligaen 2023-24"]
[Site "Denmark"]
[Date "2023.10.29"]
[Round "2.1"]
[Board "1"]
[White "Bjerre, Jonas Buhl"]
[Black "Mikkelsen, Nikolaj"]
[Result "1-0"]
[WhiteElo "2637"]
[BlackElo "2485"]
[PlyCount "75"]
[WhiteTeam "Skanderborg"]
[BlackTeam "BMS"]
[EventDate "2023.10.28"]
[EventType "team-tourn"]
[EventRounds "9"]
[EventCountry "DEN"]
[SourceTitle "Live v. Kasper Jerwiarz"]
[Table "1"]

1. e4 e5 2. Nf3 Nc6 3. Bb5 a6 4. Ba4 Nf6 5. d3 d6 
6. c3 g6 7. O-O Bg7 8. Re1 O-O 9. h3 h6 10. a3 Re8 
11. Be3 b5 12. Bc2 a5 13. Nbd2 Bb7 14. Rc1 Rb8 15. d4 Ba8 
16. Qe2 d5 17. dxe5 Nxe4 18. Bf4 Nd6 19. Qd3 Nc4 20. e6 Qf6 
21. Bxc7 Nxb2 22. Qxd5 fxe6 23. Qa2 Rbc8 24. Ne4 Qf7 25. Nd6 Qxc7 
26. Rxe6 Nc4 27. Nxe8 Qf4 28. Rce1 Bxc3 29. Rxg6+ Kf8 30. Qb3 Bh8 
31. g3 Qf7 32. Rxh6 Bb2 33. Ng5 Rxe8 34. Rxe8+ Qxe8 35. Qf3+ Kg8 
36. Rg6+ Bg7 37. Qd5+ Kh8 38. Nf7+ 1-0

[Event "Skakligaen 2023-24"]
[Site "Denmark"]
[Date "2023.10.29"]
[Round "2.2"]
[Board "2"]
[White "Haubro, Martin"]
[Black "Andersen, Mads"]
[Result "0-1"]
[WhiteElo "2405"]
[BlackElo "2606"]
[PlyCount "74"]
[WhiteTeam "BMS"]
[BlackTeam "Skanderborg"]
[EventDate "2023.10.28"]
[EventType "team-tourn"]
[EventRounds "9"]
[EventCountry "DEN"]
[SourceTitle "Live v. Kasper Jerwiarz"]
[Table "2"]

1. e4 e5 2. Nf3 Nc6 3. Bc4 Bc5 4. d3 Nf6 5. O-O d6 
6. c3 a6 7. a4 Ba7 8. Nbd2 O-O 9. h3 h6 10. Re1 Re8 
11. b4 Be6 12. Bxe6 Rxe6 13. Qc2 Qd7 14. Rb1 Rd8 15. b5 Ne7 
16. d4 Ng6 17. d5 Ree8 18. c4 Nf4 19. Nf1 Ra8 20. bxa6 bxa6 
21. Be3 Bxe3 22. Nxe3 c6 23. Rb6 Rec8 24. Qb1 cxd5 25. cxd5 Qxa4 
26. Nf5 Rc3 27. Rb8+ Rxb8 28. Qxb8+ Kh7 29. Qf8 N4h5 30. Qxf7 Qb4 
31. N3h4 Rc7 32. Qxc7 Qxe1+ 33. Kh2 Qxf2 34. Nf3 Nxe4 35. Qf7 Neg3 
36. N3h4 Nf1+ 37. Kh1 Nhg3+ 0-1

[Event "Skakligaen 2023-24"]
[Site "Denmark"]
[Date "2023.10.29"]
[Round "2.3"]
[Board "3"]
[White "Pajeken, Jakob Leon"]
[Black "Kistrup, Nicolai"]
[Result "1-0"]
[WhiteElo "2416"]
[BlackElo "2387"]
[PlyCount "79"]
[WhiteTeam "Skanderborg"]
[BlackTeam "BMS"]
[EventDate "2023.10.28"]
[EventType "team-tourn"]
[EventRounds "9"]
[EventCountry "DEN"]
[SourceTitle "Live v. Kasper Jerwiarz"]
[Table "3"]

1. e4 e5 2. Nf3 Nc6 3. Bc4 Nf6 4. d3 Bc5 5. O-O O-O 
6. Re1 d6 7. c3 a5 8. h3 Ba7 9. Nbd2 Be6 10. Bb5 Ne7 
11. d4 Ng6 12. Nf1 exd4 13. cxd4 d5 14. e5 Ne4 15. Bd3 Nh4 
16. Be3 Nxf3+ 17. Qxf3 f5 18. exf6 Qxf6 19. Bxe4 dxe4 20. Qxe4 c6 
21. Qe5 Qf7 22. Qxa5 Bxd4 23. Qd2 Bxe3 24. Rxe3 Bxa2 25. Rf3 Qd5 
26. Rd3 Qb5 27. b3 Bxb3 28. Rb1 Ra2 29. Qc3 Raxf2 30. Qxb3+ Qxb3 
31. Rdxb3 b5 32. Rc3 R8f6 33. Nh2 Ra2 34. Nf3 Rg6 35. Nh4 Rh6 
36. Nf5 Re6 37. Rf1 Ree2 38. Nh6+ gxh6 39. Rg3+ Kh8 40. Rf8# 1-0